A girl named Helen Keller / (Record no. 2619)

MARC details
000 -LEADER
fixed length control field 01183cam a2200325 a 4500
005 - DATE AND TIME OF LATEST TRANSACTION
control field 20240105105321.0
020 ## - INTERNATIONAL STANDARD BOOK NUMBER
International Standard Book Number 0590479636
020 ## - INTERNATIONAL STANDARD BOOK NUMBER
International Standard Book Number 9780590479639
040 ## - CATALOGING SOURCE
Original cataloging agency DLC
Transcribing agency DLC
Modifying agency DLC
Language of cataloging eng
050 00 - LIBRARY OF CONGRESS CALL NUMBER
Classification number HV1624.K4
Item number L86 1995
082 00 - DEWEY DECIMAL CLASSIFICATION NUMBER
Classification number 362.4/1/092
-- B
Edition number 20
100 1# - MAIN ENTRY--PERSONAL NAME
Personal name Lundell, Margo
245 12 - TITLE STATEMENT
Title A girl named Helen Keller /
Statement of responsibility, etc. by Margo Lundell ; illustrated by Irene Trivas
250 ## - EDITION STATEMENT
Edition statement This edition first printing, April 2008
260 ## - PUBLICATION, DISTRIBUTION, ETC.
Place of publication, distribution, etc. New York :
Name of publisher, distributor, etc. Scholastic,
Date of publication, distribution, etc. 1995
300 ## - PHYSICAL DESCRIPTION
Extent 44 unnumbered pages :
Other physical details color illustrations ;
Dimensions 23 cm
505 ## - FORMATTED CONTENTS NOTE
Formatted contents note I
520 ## - SUMMARY, ETC.
Summary, etc. Recounts the life of Helen Keller, who had lost her sight and hearing by age 2, focusing on her early childhood and how her teacher Anne Sullivan succeeded in teaching her to understand the manual alphabet.
521 ## - TARGET AUDIENCE NOTE
Target audience note 520
Source Lexile
521 ## - TARGET AUDIENCE NOTE
Target audience note I
Source Raz-Plus
650 #0 - SUBJECT ADDED ENTRY--TOPICAL TERM
Topical term or geographic name entry element Deafblind women
Geographic subdivision United States
Form subdivision Biography
-- Juvenile literature.
650 #1 - SUBJECT ADDED ENTRY--TOPICAL TERM
Topical term or geographic name entry element Blind.
650 #1 - SUBJECT ADDED ENTRY--TOPICAL TERM
Topical term or geographic name entry element Deaf.
650 #1 - SUBJECT ADDED ENTRY--TOPICAL TERM
Topical term or geographic name entry element People with disabilities.
650 #1 - SUBJECT ADDED ENTRY--TOPICAL TERM
Topical term or geographic name entry element Women
Form subdivision Biography.
700 1# - ADDED ENTRY--PERSONAL NAME
Personal name Trivas, Irene
Relator term illustrator
906 ## - LOCAL DATA ELEMENT F, LDF (RLIN)
a 7
b cbc
c orignew
d 1
e ocip
f 19
g y-gencatlg
942 ## - ADDED ENTRY ELEMENTS (KOHA)
Source of classification or shelving scheme Dewey Decimal Classification
Koha item type Books
Suppress in OPAC No
999 ## -
-- 2619
-- 2619
Holdings
Withdrawn status Lost status Source of classification or shelving scheme Damaged status Not for loan Collection Home library Current library Shelving location Date acquired Total Checkouts Full call number Barcode Date last seen Date last checked out Price effective from Koha item type
    Dewey Decimal Classification     Juvenile Fiction Footprints International School Library Network Toul Kork Campus Footprints International School Library Network Toul Kork Campus   01/05/2024 1 LUN 362.4/1/092 HV1624.K4 FISBK02768 01/30/2024 01/23/2024 01/05/2024 Books